Μελέτη περί < ανυψώσεως του επαγγελματικού επιπέδου του Αγρότου >

Αποθηκεύτηκε σε:
Λεπτομέρειες βιβλιογραφικής εγγραφής
Κύριος συγγραφέας: Παπαγεωργίου, Βασίλειος Γ.
Άλλοι συγγραφείς: Φιλιππακόπουλος, Νικόλαος
Μορφή: Βιβλίο
Γλώσσα:Greek
Δημοσίευση: Εν Πατραίς : Τυπογραφείον Θεοδώρου Αλ. Κούκουρα, 1956
Θέματα:
Ετικέτες: Προσθήκη ετικέτας
Δεν υπάρχουν, Καταχωρήστε ετικέτα πρώτοι!

MARC

LEADER 00000cam a2200000 i 4500
001 1/61184
008 141208s1956 gre d
035 |l 10120006 
040 |a GR-MY-UA  |b gre  |e aacr 
041 0 |a gre 
082 0 |a 338.1  |2 (23) 
100 1 |a Παπαγεωργίου, Βασίλειος Γ. 
245 1 0 |a Μελέτη περί < ανυψώσεως του επαγγελματικού επιπέδου του Αγρότου > /  |c Βασιλ. Γ. Παπαγεωργίου, Νικολ. Φιλιππακόπουλου 
260 |a Εν Πατραίς :   |b Τυπογραφείον Θεοδώρου Αλ. Κούκουρα,   |c 1956 
300 |a 44 σ.;  |c 21 εκ. 
500 |a Στο εξώφυλλο και στην σ. τ. σφραγίδα "Δημόσια Εμπορική Σχολή Σάμου Εν Καρλοβασίω". Στη σ. τ. σφραγίδα "Δωρεά Μαθητικής Πρόνοιας την Δανειστικήν Βιβλιοθήκην του Σχολέιου". 
500 |a Βραβείον Ακαδημίας Αθηνών 1955. 
650 0 0 |a Farmers  |z Greece. 
650 0 0 |a Agriculture  |z Greece. 
700 1 |a Φιλιππακόπουλος, Νικόλαος. 
852 |a INST  |b SAMOS  |c PORFYRIADA  |e 20141208  |h 338.1 ΠΑΠ  |p 005300040877  |q 005300040877  |t NOLOAN  |y 23 
901 |a BIBL3-2014-3 
909 |a Σ  |b 185486 
970 |a ΣΙΤΖΙΜΗ  |b ΓΙΑΣΕΜΗ  |z 2014/12/08